Statistics for Movie Math

Click here to take the quiz!

General Stats

  • This quiz has been taken 26 times
    (16 since last reset)
  • The average score is 21 of 24

Answer Stats

Answer% Correct
E{101} Dalmatians
100%
CBig Hero {6}
100%
GOcean's {11} (1960)
100%
C{12} Angry Men
93%
F{12} Years A Slave
93%
C2
93%
B{50} Shades of Grey
93%
GOcean's {11} (2001)
93%
GOcean's {12} (2004)
93%
GOcean's {13} (2007)
93%
FShang-Chi and the Legend of the {10} Rings
93%
F22
86%
AAround the World in {80} Days
86%
DGone in {60} Seconds
86%
EI Am Number {4}
86%
GOcean's {8} (2018)
86%
D10
79%
D{50} First Dates
79%
G55
79%
BSlaughterhouse {5}
79%
B250
71%
E404
71%
A{2001} : A Space Odyssey
64%
A2081
57%

Score Distribution

Percentile by Number Answered

Percent of People with Each Score

Your Score History

You have not taken this quiz since the last reset